000 00435 a2200145 4500
010 _a 2001093564
020 _a9780672322822
040 _aDLC
100 1 _aBall, Bill.
245 1 0 _aRed Hat Linux 7.2 unleashed
_cBill Ball
260 _aNew Delhi:
_bTechmedia,
_cc2002.
300 _axxii, 859 p. :
_bill. ;
_c23 cm. +
_e2 computer optical discs (4 3/4 in.)
650 0 _aOperating systems (Computers)
942 _cBK
_k005.4469 BAL
_2ddc
999 _c6483
_d6483